Statystyki dla JAKIE MOGĄ BYĆ GODZINY?

Kliknij tutaj aby rozwiązać quiz!

Ogólne statystyki

  • Ten quiz został rozwiązany 16 razy
  • Średni wynik to 2 z 5

Statystyki odpowiedzi

Odpowiedź% Poprawnych
SZCZYTU
77%
PRACY
54%
LEKCYJNE
46%
OTWARCIA
23%
NADLICZBOWE
15%

Rozkład punktacji

Percentyl według liczby udzielonych odpowiedzi

Procent ludzi z każdym wynikiem

Twoja historia wyników

Nie rozwiązałeś tego quizu